000 00626nam a2200229Ia 4500
003 OSt
005 20220918202219.0
006 a|||||r|||| 00| 0
007 ta
008 220917b |||||||| |||| 00| 0 eng d
024 _a99,581
037 _cTextual
040 _aARTS
_cARTS
_beng
041 _2eng
_aeng
082 _aV2:41wM22, G9
100 _aPearson Hesketh
_950997
245 0 _aHero of Delhi
_b a life of John Nicholson, saviour of India, and a history of his wars
260 _c1939
650 _aHISTORY
942 _hV2:41wM22, G9
_cTEXL
_2CC
999 _c223157
_d223157